Early Mahdism : politics and religion in the formative period of Islam /

محفوظ في:

المؤلف الرئيسي: Blichfeldt, Jan-Olaf (مؤلف)

التنسيق: كتاب

اللغة: English

منشور في: Leiden : E. J. Brill, 1985.

سلاسل: Studia orientalia lundensia ; 2.

الموضوعات:

الوسوم: إضافة وسم

لا توجد وسوم, كن أول من يضع وسما على هذه التسجيلة!

رقم الطلب: BP166.93 .B55 1985

LEADER 00913nam a22002895a 4500
001 5911
003 OSt
005 20250925090024.0
008 130303s1985 ne b b 000 0 eng d
020 |a 9004076433  
035 |a (OCoLC)13147116 
035 |a 692313 
040 |c ARCE Library 
050 4 |a BP166.93 .B55 1985 
100 1 |a Blichfeldt, Jan-Olaf,  |e author  |9 26900 
245 1 0 |a Early Mahdism :   |b politics and religion in the formative period of Islam /   |c by Jan-Olaf Blichfeldt. 
264 1 |a Leiden :   |b E. J. Brill,   |c 1985. 
300 |a x, 137 pages :   |b map ;   |c 24 cm. 
490 1 |a Studia orientalia lundensia ;  |v 2. 
504 |a Bibliography : pages [133]-137. 
650 0 |a Islam and politics  |z Islamic Empire. 
650 0 |a Mahdism.  |9 3392 
651 0 |a Islamic Empire   |x History.  |9 622-661. 
830 0 |a Studia orientalia lundensia ;  |v 2. 
901 |a reviewed 
942 |c BK  |2 lcc 
999 |c 6033  |d 6033